| 000 | 00000nam 2200000za 4500 |
| 001 | 9.837958 |
| 003 | CaOODSP |
| 005 | 20221107151250 |
| 007 | cr ||||||||||| |
| 008 | 170608s1973 onca #o f000 0 fre d |
| 040 | |aCaOODSP|bfre |
| 043 | |an-cn--- |
| 086 | 1 |aR5-246/1973F-PDF |
| 100 | 1 |aBurgess, Helen Diana, |d1951- |
| 245 | 02|aL'art esquimau d'Holman |h[ressource électronique] / |cHelen Burgess. |
| 260 | |aOttawa : |bAffaires indiennes et du Nord, |c1973. |
| 300 | |a[8] p. : |bill. |
| 500 | |a« Tiré à part du numéro de Mars-Avril 1968 de la revue north, publication bimestrielle du ministère des Affaires indiennes et du Nord. » -- p. [8]. |
| 500 | |aÉdition numérisée de l’imprimé [par Affaires autochtones et du Nord Canada]. |
| 520 | |a« Kalvak a acquis une grande expérience au cours des soixante-dix années qu’elle a passées dans l’île Victoria, dans l’ouest de l’Arctique canadien. Ses premières gravures surpierre donnent un aperçu des moeurs de jadis, riches de traditions. Elles ont été exposées pour la première fois, en même temps que les oeuvres de quatre autres artistes esquimaux d’Holman, à la fin de l’année 1965, au Musée du Nouveau-Brunswick, à Saint-Jean. » -- p. [1]. |
| 692 | 07|2gccst|aArts |
| 692 | 07|2gccst|aInuit |
| 692 | 07|2gccst|aCulture autochtone |
| 710 | 1 |aCanada.|bAffaires indiennes et du Nord. |
| 740 | 0 |aNorth |
| 856 | 40|qPDF|s696 Ko|uhttps://publications.gc.ca/collections/collection_2017/aanc-inac/R5-246-1973-fra.pdf |
| 986 | |aPublication AINC N° QS-0008-031-FF-A1 |